000 00334nam a2200145Ia 4500
008 230718s9999 xx 000 0 und d
041 _aEng.
082 _a3230.9
_bABI-E
100 _aAbid, S. A
245 0 _aEsta code Civil code
260 _aPakistan
_bPallisten (aw Pub
_c2003
300 _a1352
650 _aLaw
999 _c28713
_d28713